Zmeny v dopyte a v ponuke kultúrneho cestovného ruchu po roku 2020
Cieľom kapitoly je predpovedať perspektívy vývoja kultúrneho cestovného ruchu po roku 2020 formou vývojových tendencií z hľadiska reálnych atribútov tejto formy cestovného ruchu. Pre tento účel je použitá výskumná metóda expertných odhadov získaných prostredníctvom ankety.
Salvato in:
| Autore principale: | |
|---|---|
| Natura: | Capitolo di libro |
| Lingua: | slovacco |
| Soggetti: | |
| Tags: |
Nessun Tag, puoi essere il primo ad aggiungerne!!
|
MARC
| LEADER | 00000naa$a2200000$$$4500 | ||
|---|---|---|---|
| 001 | 0271631 | ||
| 005 | 20240502083826.0 | ||
| 041 | 0 | |a slo | |
| 044 | |a CZ | ||
| 245 | 1 | 0 | |a Zmeny v dopyte a v ponuke kultúrneho cestovného ruchu po roku 2020 |c Juraj Litomerický |
| 520 | |a Cieľom kapitoly je predpovedať perspektívy vývoja kultúrneho cestovného ruchu po roku 2020 formou vývojových tendencií z hľadiska reálnych atribútov tejto formy cestovného ruchu. Pre tento účel je použitá výskumná metóda expertných odhadov získaných prostredníctvom ankety. | ||
| 610 | 2 | 0 | |a ruch cestovný |
| 610 | 2 | 0 | |a ruch cestovný aktívny |
| 610 | 2 | 0 | |a kultúra |
| 610 | 2 | 0 | |a regióny |
| 610 | 2 | 0 | |a generácie |
| 100 | 1 | |a Litomerický, Juraj | |